Galactik Football Snow Kids Players - Statistics

General Stats
  • This quiz has been taken 117 times
  • The average score is 9 of 11
Answer Stats
Shirt Number Player % Correct
9 D'Jok
96%
5 Rocket
96%
3 Micro-Ice
94%
4 Tia
94%
1 Ahito
90%
7 Mei
88%
2 Thran
88%
6 Mark
81%
8 Yuki
81%
11 Sinedd
64%
10 Lun-Zia
48%
No matching quizzes found
Score Distribution
Percent of People with Each Score
Percentile by Number Answered
Your Score History
You have not taken this quiz